000 00417pab a2200169 454500
008 180718b2007 xxu||||| |||| 00| 0 eng d
100 _aTacoli, Cecilia
245 _aPoverty, inequality and the underestimation of rural-urban linkages
260 _c2007
300 _ap.90-95.
362 _aJun
650 _aIncome distribution
650 _aPoverty
773 _aDevelopment
908 _aN
909 _a75687
999 _c75687
_d75687